FIFA World Cup Final Referee's - Statistics

General Stats
  • This quiz has been taken 63 times
    46 since last reset
  • The average score is 6 of 21
Answer Stats
Year Referee Nationality % Correct
2002 Pierluigi Collina Italy
95%
2010 Howard Webb England
89%
2014 Nicola Rizzoli Italy
73%
2018 Nestor Pitana Argentina
68%
2006 Horacio Elizondo Argentina
54%
1994 Sándor Puhl Hungary
41%
1998 Said Belqola Morocco
32%
1974 Jack Taylor England
27%
1978 Sergio Gonella Italy
22%
1990 Edgardo Codesal Mexico
19%
1986 Romualdo Arppi Filho Brazil
19%
1966 Gottfried Dienst Switzerland
16%
1970 Rudi Glockner East Germany
16%
1982 Arnaldo Cézar Coelho Brazil
14%
1930 John Langenus Belgium
14%
1934 Ivan Eklind Sweden
11%
1950 George Reader England
8%
1938 Georges Capdeville France
8%
1958 Maurice Guigue France
8%
1954 William Ling England
8%
1962 Nikolay Latyshev Soviet Union
5%
No matching quizzes found
Score Distribution
Percent of People with Each Score
Percentile by Number Answered
Your Score History
You have not taken this quiz since the last reset